| 000 | 00000nam 2200000zi 4500 |
| 001 | 9.947362 |
| 003 | CaOODSP |
| 005 | 20250303103444 |
| 006 | m o d f |
| 007 | cr |n||||||||| |
| 008 | 250124s1957 oncad ob f000 0 eng d |
| 040 | |aCaOODSP|beng|erda|cCaOODSP |
| 043 | |an-cn-on |
| 086 | 1 |aA52-279/1957E-PDF |
| 086 | 1 |zA51-43E-PDF |
| 100 | 1 |aGutteridge, H. S., |eauthor. |
| 245 | 10|aPoultry Division, Central Experimental Farm, Ottawa : |bprogress report, 1949-1954 / |cH. S. Gutteridge. |
| 264 | 1|aOttawa, Canada : |bMinister of Agriculture, |c[1957] |
| 300 | |a1 online resource (51 pages) : |billustrations, charts |
| 336 | |atext|btxt|2rdacontent |
| 337 | |acomputer|bc|2rdamedia |
| 338 | |aonline resource|bcr|2rdacarrier |
| 500 | |aDigitized edition from print [provided by Agriculture and Agri-Food Canada]. |
| 504 | |aIncludes bibliographical references (page 48). |
| 610 | 15|aCanada. |bPoultry Division. |
| 610 | 15|aCanada. |bService de l'aviculture. |
| 650 | 0|aPoultry|xResearch|zCanada. |
| 650 | 6|aVolailles|xRecherche|zCanada. |
| 710 | 1 |aCanada. |bPoultry Division, |eissuing body. |
| 710 | 1 |aCanada. |bExperimental Farms Service, |eissuing body. |
| 856 | 40|qPDF|s6.54 MB|uhttps://publications.gc.ca/collections/collection_2024/aac-aafc/A51-43-1949-eng.pdf |
| 986 | |a4M—22365-3:57 |